00518 a2200145 4500003000500000005001700005040000900022082001700031100001900048245004100067260004300108300001100151505019700162650001300359Nust20230221133348.0 cNust a327.549, RAZ aRazvi, Mujtaba aFrontiers of PakistancMujtaba Rizvi aRawalpindibArmy Education Pressc1971 a339 p. aThe Making Of Pakistan Frontiers (Page-13), Pakistan & India (Page-45), Pakistan & Afghanistan (Page-143), Pakistan & China (Page-166), Pakistan & Burma (Page-194), Pakistan & Iran (Page-203). aPakistan